000 00915nam0a22002531 4500
001 rc\513120
005 20250621113609.0
035 _a(NLR Aleph) 005752988
090 _a4859629
_c4859629
100 _a20030616d1988 |||y0rusy50 ca
101 0 _arus
102 _aRU
105 _aa |||||||||
200 1 _aМодели скрытых марковских процессов и их использование при автоматическом распознавании речи
210 _aМ.
_cВЦ АН СССР
_d1988
215 _a17 с.
_cил.
_d22
225 1 _aСообщения по прикладной математике
_fАН СССР, ВЦ
320 _aБиблиогр.: с. 16-17 (8 назв.)
700 1 _aМиюсов
_bП.В.
_gПавел Валентинович
801 0 _aRU
_bNLR
_gpsbo
801 1 _aRU
_bELAR
_2rusmarc
852 _aNLR
_j88-6/7299
942 _cBOOK
980 _aNB